000
00269nam a22001217a 4500
008
181020b xxu||||| |||| 00| 0 eng d
041
_a
eng
080
_a
541
100
_a
12
101
_a
KIM
245
_a
Mendelian Inheritance in Man
_c
Kusick, V.A
942
_2
udc
_c
BK
999
_c
50313
_d
50313